| 000 | 00740nam a2200217 a 4500 | ||
|---|---|---|---|
| 001 | 000032535 | ||
| 005 | 20200930065707.0 | ||
| 008 | 110215s2001 dr c 000 0 spa d | ||
| 020 | _a999349580 | ||
| 040 |
_aDO-SdBNP _bspa _cBNPHU |
||
| 082 |
_axxxx _bP376c |
||
| 100 | 1 |
_aPeguero Colón, Samuel _92205 |
|
| 245 | 1 | 0 |
_aCharlas para jóvenes enamorados : _bmanual del instructor / _cSamuel Peguero Colón; prólogo Roberto Herrera. |
| 260 |
_aSanto Domingo : _bEl Remanente, _c2001. |
||
| 300 |
_a85 p. : _bil., ; _c27 cm. |
||
| 490 | 1 |
_aTesoros de enriquecimiento familiar _vno. 1 |
|
| 500 | _aSeminario en power point | ||
| 504 | _aBibliografía : p. 86 | ||
| 830 | 0 |
_aTesoros de enriquecimiento familiar _vno. 1 _958463 |
|
| 049 | _aBNPD | ||
| 999 |
_c32026 _d32026 |
||